[Event "ICS rated blitz match"]
[Site "204.178.125.65"]
[Date "2000.05.05"]
[Round "?"]
[White "Hossa"]
[Black "QueenMaxima"]
[Result "0-1"]
[WhiteElo "2532"]
[BlackElo "2529"]
[PlyCount "144"]
[EventDate "2000.??.??"]

1. e4 c5 2. Nf3 Nc6 3. d4 cxd4 4. Nxd4 Nf6 5. Nc3 d6 6. Bg5 e6 7. Qd2 a6 8.
O-O-O h6 9. Be3 Be7 10. f4 Nxd4 11. Bxd4 b5 12. Qe3 Bb7 13. Bxf6 gxf6 14. Bd3
Qc7 15. Kb1 O-O-O 16. Qg3 Rhg8 17. Qf3 f5 18. Rhg1 fxe4 19. Bxe4 d5 20. Bh7 Rh8
21. Qd3 Bc5 22. Rgf1 d4 23. Ne4 Be7 24. Nd2 Bxg2 25. Rf2 Qb7 26. Rg1 Bd5 27.
Be4 Rhg8 28. Rd1 Bxe4 29. Nxe4 Qd5 30. c3 dxc3 31. Qxc3+ Qc4 32. Qxc4+ bxc4 33.
Rdf1 Rd4 34. Re2 Rg4 35. Re3 Rg2 36. h3 Rd3 37. Rxd3 cxd3 38. Nf2 d2 39. Ng4 h5
40. Ne5 f6 41. Nd3 Bd8 42. Kc2 Bb6 43. b4 Re2 44. a4 Be3 45. Rf3 Re1 46. Nb2 e5
47. fxe5 fxe5 48. Rf8+ Kc7 49. Rf7+ Kd6 50. Nd1 Ke6 51. Rh7 Bf4 52. Rxh5 e4 53.
Ra5 e3 54. Rxa6+ Ke5 55. Ra5+ Kd4 56. Ra8 e2 57. Rd8+ Ke4 58. Re8+ Kf3 59. Rxe2
Kxe2 60. Nc3+ Kf1 61. Nd1 Re4 62. Kb3 Ke1 63. Kc2 Rc4+ 64. Kd3 Kxd1 65. Kxc4
Ke2 66. a5 d1=Q 67. h4 Be3 68. b5 Qd3+ 69. Kb4 Kd2 70. b6 Kc2 71. a6 Qb3+ 72.
Ka5 Bxb6# {Hossa checkmated} 0-1

[Event "ICS Rated blitz match"]
[Site "204.178.125.65"]
[Date "2000.05.05"]
[Round "?"]
[White "Hossa"]
[Black "IZZYLISTED"]
[Result "1-0"]
[WhiteElo "2516"]
[BlackElo "2036"]
[PlyCount "58"]
[EventDate "2000.??.??"]

1. Nf3 f5 2. d4 Nf6 3. d5 c5 4. Nc3 d6 5. Bf4 g6 6. e3 Bg7 7. Bb5+ Nbd7 8. Ng5
Rg8 9. Ne6 Qa5 10. O-O a6 11. Be2 Nf8 12. Nxg7+ Rxg7 13. Bh6 Rg8 14. Re1 N8d7
15. Qd2 Ne5 16. Bf4 Nf7 17. Bg3 g5 18. Rac1 h5 19. f3 h4 20. Bf2 Bd7 21. e4
O-O-O 22. exf5 Ne5 23. Be3 Bxf5 24. Bxg5 Rg6 25. f4 Ned7 26. Bf3 h3 27. Rxe7
Rdg8 28. g3 Qd8 29. Rce1 Re8 {IZZYLISTED resigns} 1-0

[Event "ICS rated bullet match"]
[Site "204.178.125.65"]
[Date "2000.05.05"]
[Round "?"]
[White "Hossa"]
[Black "JSBach"]
[Result "1-0"]
[WhiteElo "2275"]
[BlackElo "2033"]
[PlyCount "53"]
[EventDate "2000.??.??"]

1. e4 e5 2. Nf3 Nc6 3. Nc3 Bc5 4. Nxe5 Nxe5 5. d4 Bd6 6. dxe5 Bxe5 7. Bd2 Nf6
8. Bd3 d5 9. exd5 Nxd5 10. Qe2 Qd6 11. f4 Nxf4 12. Bxf4 f6 13. O-O Qd4+ 14. Rf2
Be6 15. Bb5+ c6 16. Rd1 Qc5 17. Bxe5 fxe5 18. Ne4 Qb6 19. Qh5+ g6 20. Nd6+ Kd7
21. Qxe5 Bd5 22. Rxd5 Qxf2+ 23. Kxf2 Rhf8+ 24. Kg3 Rf3+ 25. gxf3 cxb5 26. Nxb5+
Kc6 27. Qe6# {JSBach checkmated} 1-0

[Event "ICS rated standard match"]
[Site "204.178.125.65"]
[Date "2000.05.05"]
[Round "?"]
[White "QueenMaxima"]
[Black "Hossa"]
[Result "1/2-1/2"]
[WhiteElo "2330"]
[BlackElo "2382"]
[PlyCount "200"]
[EventDate "2000.??.??"]

1. e4 e5 2. Nf3 Nc6 3. Bb5 a6 4. Ba4 Nf6 5. O-O Be7 6. Re1 b5 7. Bb3 d6 8. c3
O-O 9. h3 Bb7 10. d4 Re8 11. Nbd2 Bf8 12. a4 h6 13. Bc2 exd4 14. cxd4 Nb4 15.
Bb1 c5 16. d5 Nd7 17. Ra3 f5 18. Nh2 fxe4 19. Nxe4 Nxd5 20. Rd3 N7b6 21. a5 Nb4
22. Nxd6 Nxd3 23. Rxe8 Qxd6 24. Rxa8 Nxa8 25. Qxd3 Qxd3 26. Bxd3 c4 27. Bf5 Bb4
28. Nf3 Bxf3 29. gxf3 Bxa5 30. Bc8 c3 31. bxc3 Bxc3 32. Bxa6 Nc7 33. Bb7 Kf7
34. Bf4 Ne6 35. Bd6 Kf6 36. Kf1 Be5 37. Bb4 Nf4 38. h4 Ne6 39. Be4 Bb2 40. Bd3
Nd4 41. f4 Ke6 42. h5 Kd5 43. f5 Nc6 44. Bf8 Na7 45. f4 Kc6 46. Ke2 Kb6 47. Bd6
Bf6 48. Bf8 Ka5 49. Bc5 Nc6 50. Be4 Nd8 51. Kd3 Ka4 52. Bf8 Nf7 53. Bc6 Ka5 54.
Bc5 Ka6 55. Bb4 Nd8 56. Be8 Kb6 57. Ke4 Nc6 58. Bd2 Ne7 59. Bd7 Ba1 60. Be3+
Ka5 61. Be6 Ka4 62. Kd3 Nc6 63. Bc5 Ka5 64. Bd7 Nb8 65. Bc8 Bf6 66. Bd6 Nc6 67.
Bc7+ Ka4 68. Bd7 Nb4+ 69. Ke4 Na2 70. Kd3 Nc1+ 71. Ke3 Nb3 72. Bd6 Na5 73. Bf8
Nc4+ 74. Kd3 Bb2 75. Bc6 Ka5 76. Bf3 Ka6 77. Bc6 Bf6 78. Bb4 Nb2+ 79. Ke3 Na4
80. Kd2 Bd4 81. Kd3 Bc5 82. Bd2 Nb2+ 83. Kc2 Bd4 84. Bb4 Nc4 85. Kd3 Bf6 86.
Bd5 Nb2+ 87. Ke3 Na4 88. Bf3 Bc3 89. Bf8 Nb2 90. Bc6 Ka5 91. Bd5 Ka4 92. Bc6
Bf6 93. Ke4 Ka5 94. Bd6 b4 95. Bc7+ Ka6 96. Bd6 Kb6 97. Bd7 Ka5 98. Bc7+ Ka6
99. Bd6 Ka5 100. Bc7+ Ka6 1/2-1/2

[Event "ICS rated blitz match"]
[Site "204.178.125.65"]
[Date "2000.05.05"]
[Round "?"]
[White "tobalina"]
[Black "Hossa"]
[Result "0-1"]
[WhiteElo "2149"]
[BlackElo "2518"]
[PlyCount "109"]
[EventDate "2000.??.??"]

1. d4 d5 2. Nf3 Nf6 3. Bf4 Bf5 4. e3 e6 5. c3 Nbd7 6. Nbd2 Be7 7. Be2 Nh5 8.
O-O Nxf4 9. exf4 O-O 10. g3 c5 11. dxc5 Bxc5 12. Nb3 Be7 13. Nbd4 Bh3 14. Re1
Qc7 15. Bf1 Bg4 16. Be2 Bf6 17. Kg2 Bxf3+ 18. Nxf3 Nc5 19. Bd3 Rfc8 20. Rc1 Qb6
21. Re2 Qd6 22. Bb1 g6 23. Ne5 Bg7 24. Qe1 Re8 25. Nd3 Rac8 26. Nxc5 Qxc5 27.
Rd1 Rc7 28. h4 b6 29. h5 gxh5 30. Qd2 h4 31. Qd3 f5 32. Rde1 hxg3 33. fxg3 Rce7
34. Bc2 b5 35. Bb3 Kf8 36. Rh1 Bh8 37. Qf3 b4 38. cxb4 Qxb4 39. Qh5 Rg7 40.
Rhe1 Qxf4 41. Qh3 Qd4 42. Qh6 Qg4 43. Qh3 f4 44. Qxg4 Rxg4 45. Rxe6 Rxg3+ 46.
Kh2 Rxe6 47. Rxe6 Bxb2 48. Bxd5 Bd4 49. Rc6 Bg1+ 50. Kh1 Be3 51. Rc8+ Ke7 52.
Rc7+ Kd6 53. Rxh7 Kxd5 54. Rd7+ Ke4 55. Re7+ {tobalina resigns} 0-1

[Event "ICS rated blitz match"]
[Site "204.178.125.65"]
[Date "2000.05.05"]
[Round "?"]
[White "Hossa"]
[Black "tobalina"]
[Result "1-0"]
[WhiteElo "2521"]
[BlackElo "2146"]
[PlyCount "29"]
[EventDate "2000.??.??"]

1. e4 c5 2. Nf3 e6 3. d4 cxd4 4. Nxd4 a6 5. Nc3 Qc7 6. Be2 Nf6 7. O-O b5 8. Bf3
Bb7 9. e5 Nd5 10. Nxd5 Bxd5 11. Bxd5 exd5 12. Nf5 g6 13. Ne3 Qxe5 14. Nxd5 Kd8
15. Bf4 {tobalina resigns} 1-0

[Event "ICS rated blitz match"]
[Site "204.178.125.65"]
[Date "2000.05.05"]
[Round "?"]
[White "tobalina"]
[Black "Hossa"]
[Result "1-0"]
[WhiteElo "2143"]
[BlackElo "2524"]
[PlyCount "131"]
[EventDate "2000.??.??"]

1. d4 Nf6 2. Nf3 e6 3. c4 b6 4. Nc3 d5 5. cxd5 exd5 6. g3 Nbd7 7. Bg2 c6 8. O-O
Be7 9. Re1 O-O 10. e4 Nxe4 11. Nxe4 dxe4 12. Rxe4 Bb7 13. Bf4 Nf6 14. Re1 Bb4
15. Bd2 Bxd2 16. Qxd2 Qd6 17. Ne5 Rfe8 18. Rac1 Rac8 19. b4 Nd5 20. a3 f6 21.
Nf3 Ba6 22. Rxe8+ Rxe8 23. Re1 Qd7 24. Rxe8+ Qxe8 25. Qe1 Qxe1+ 26. Nxe1 Bc4
27. Nc2 Ne7 28. Ne3 Bb3 29. Kf1 f5 30. f4 Kf8 31. Ke1 Kf7 32. Kd2 Ke8 33. Kc3
Bd5 34. Nxd5 cxd5 35. b5 h6 36. a4 Kf7 37. a5 bxa5 38. Kb3 Kf6 39. Ka4 Ke6 40.
Kxa5 g6 41. Ka6 Nc8 42. Bf1 Kd6 43. Kb7 Kd7 44. Be2 Kd8 45. Kc6 Ne7+ 46. Kd6 g5
47. Ke6 Ke8 48. Bf3 g4 49. Bxd5 Nxd5 50. Kxd5 Kd7 51. Kc5 Kc7 52. d5 Kd7 53. d6
Kc8 54. Kc6 Kd8 55. d7 Ke7 56. Kc7 Ke6 57. d8=Q Kf7 58. Qd5+ Kf6 59. Kb7 h5 60.
Kxa7 Kg6 61. b6 Kf6 62. b7 h4 63. b8=Q Kg7 64. Qb6 hxg3 65. Qdb7+ Kh8 66. Qd8#
{Hossa checkmated} 1-0

[Event "ICS rated blitz match"]
[Site "204.178.125.65"]
[Date "2000.05.05"]
[Round "?"]
[White "Hossa"]
[Black "QueenMaxima"]
[Result "1-0"]
[WhiteElo "2495"]
[BlackElo "2522"]
[PlyCount "78"]
[EventDate "2000.??.??"]

1. e4 c5 2. Nf3 d6 3. d4 cxd4 4. Nxd4 Nf6 5. Nc3 Nc6 6. Be3 e6 7. Bb5 Bd7 8.
Ba4 Ne5 9. Bb3 Nfg4 10. Bc1 Qh4 11. Qe2 Nxh2 12. Qf1 Be7 13. Qg1 Neg4 14. Bf4
Bf6 15. Bg3 Qg5 16. Nde2 Bb5 17. f4 Qh5 18. e5 dxe5 19. Nxb5 exf4 20. Nc7+ Ke7
21. Nxf4 Qa5+ 22. Ke2 Qe5+ 23. Kd2 Bg5 24. Ncd5+ Kd8 25. Re1 Qf5 26. Kd1 exd5
27. Nxd5 b6 28. Re2 Kc8 29. Ne7+ Bxe7 30. Rxe7 Nf3 31. gxf3 Nf6 32. Rc7+ Kd8
33. Qd4+ Nd7 34. Kc1 Re8 35. Rxh7 Re1+ 36. Bxe1 Kxc7 37. Rxg7 Rf8 38. Bxf7 Kc8
39. Bd5 Qf4+ {QueenMaxima resigns} 1-0

[Event "ICS rated blitz match"]
[Site "204.178.125.65"]
[Date "2000.05.05"]
[Round "?"]
[White "Beadle"]
[Black "Hossa"]
[Result "1-0"]
[WhiteElo "2625"]
[BlackElo "2512"]
[PlyCount "79"]
[EventDate "2000.??.??"]

1. e4 e5 2. Nf3 Nc6 3. Nc3 Nf6 4. Bb5 Bb4 5. O-O O-O 6. d3 d6 7. Bg5 Bxc3 8.
bxc3 Qe7 9. Bxc6 bxc6 10. Rb1 a5 11. c4 a4 12. Kh1 a3 13. Rb3 Bg4 14. h3 Bh5
15. Rb7 Rfb8 16. Qb1 Qe8 17. g4 Qc8 18. Rxb8 Rxb8 19. Qc1 Nxg4 20. hxg4 Bxg4
21. Nh2 Rb2 22. Bd2 Bh3 23. Rg1 Rxa2 24. Bh6 g6 25. Qg5 c5 26. Qf6 Qf8 27. Bxf8
Kxf8 28. Qd8+ Kg7 29. Qxc7 Rxc2 30. Qxd6 Rxf2 31. Qxe5+ Kg8 32. Qg3 Rc2 33.
Qxh3 Rc3 34. Ng4 Rb3 35. Nh6+ Kg7 36. Nf5+ Kf8 37. Qh4 Rb8 38. Qe7+ Kg8 39. Qf6
h5 40. Qg7# {Hossa checkmated} 1-0

[Event "ICS rated blitz match"]
[Site "204.178.125.65"]
[Date "2000.05.05"]
[Round "?"]
[White "IZZYLISTED"]
[Black "Hossa"]
[Result "0-1"]
[WhiteElo "2080"]
[BlackElo "2501"]
[PlyCount "66"]
[EventDate "2000.??.??"]

1. a3 e5 2. c4 Nc6 3. Nc3 Nf6 4. g3 Be7 5. Bg2 d6 6. b4 O-O 7. b5 Nd4 8. e3 Ne6
9. Nge2 a6 10. O-O axb5 11. Nxb5 c6 12. Nbc3 Ng5 13. d4 Bh3 14. dxe5 dxe5 15.
Qxd8 Rfxd8 16. Bxh3 Nxh3+ 17. Kg2 Ng5 18. f4 exf4 19. gxf4 Nge4 20. Nxe4 Nxe4
21. Ng3 Nd6 22. Rb1 Nxc4 23. Rxb7 Bxa3 24. Bxa3 Nxe3+ 25. Kf2 Nxf1 26. Bb4 Nxh2
27. Ne4 Ra2+ 28. Ke3 Nf1+ 29. Kf3 Rd3+ 30. Kg4 Ne3+ 31. Kh4 Nf5+ 32. Kg5 Rg2+
33. Kxf5 Rd5# 0-1

[Event "ICS rated blitz match"]
[Site "204.178.125.65"]
[Date "2000.05.05"]
[Round "?"]
[White "Hossa"]
[Black "IZZYLISTED"]
[Result "1-0"]
[WhiteElo "2504"]
[BlackElo "2077"]
[PlyCount "75"]
[EventDate "2000.??.??"]

1. e4 c5 2. Nf3 Nf6 3. e5 Nd5 4. Nc3 e6 5. Nxd5 exd5 6. d4 Nc6 7. dxc5 Bxc5 8.
Qxd5 d6 9. exd6 Qb6 10. Bc4 Bxf2+ 11. Ke2 O-O 12. Rf1 Re8+ 13. Kd1 Be6 14. Qd2
Bc5 15. Bd3 Bxd6 16. c3 h6 17. Kc2 Rad8 18. g3 Qc7 19. a3 Bg4 20. Ng1 Nd4+ 21.
Kb1 Nb3 22. Qc2 Nxa1 23. Kxa1 Be6 24. Nf3 Qa5 25. Nd4 Rc8 26. Nxe6 Rxe6 27. Bf5
Ree8 28. Bxc8 Rxc8 29. Qd3 Qc7 30. Rd1 Be5 31. Be3 a6 32. Qf5 b5 33. Rd7 Qc4
34. Qxe5 Qf1+ 35. Ka2 Qc4+ 36. b3 Qxc3 37. Rd8+ Kh7 38. Qf5+ {
IZZYLISTED resigns} 1-0

[Event "ICS rated blitz match"]
[Site "204.178.125.65"]
[Date "2000.05.05"]
[Round "?"]
[White "IZZYLISTED"]
[Black "Hossa"]
[Result "0-1"]
[WhiteElo "2080"]
[BlackElo "2507"]
[PlyCount "37"]
[EventDate "2000.??.??"]

1. e4 e5 2. Nf3 Nc6 3. Nc3 Nf6 4. Bb5 Bb4 5. O-O O-O 6. Bxc6 dxc6 7. d3 Bg4 8.
Qe2 Nd7 9. h3 Bh5 10. Nd1 Bxf3 11. Qxf3 Bc5 12. Be3 Bd4 13. Rb1 Qe7 14. Qg3 Nb6
15. f4 f5 16. Bxd4 exd4 17. e5 g6 18. Qf3 Qc5 19. Kh1 {IZZYLISTED resigns} 0-1

[Event "ICS rated blitz match"]
[Site "204.178.125.65"]
[Date "2000.05.05"]
[Round "?"]
[White "Hossa"]
[Black "IZZYLISTED"]
[Result "0-1"]
[WhiteElo "2510"]
[BlackElo "2077"]
[PlyCount "102"]
[EventDate "2000.??.??"]

1. e4 c5 2. Nf3 Nf6 3. e5 Nd5 4. Nc3 e6 5. Nxd5 exd5 6. d4 Nc6 7. dxc5 Bxc5 8.
Qxd5 d6 9. exd6 Qb6 10. Bc4 Bxf2+ 11. Ke2 O-O 12. Rf1 Re8+ 13. Kd1 Be6 14. Qd2
Bc5 15. Bd3 Rad8 16. h3 Nb4 17. Ng5 Nxd3 18. cxd3 Rxd6 19. Nxe6 Rdxe6 20. g4
Qd6 21. Qc2 Rd8 22. Bf4 Qxd3+ 23. Qxd3 Rxd3+ 24. Kc2 Rxh3 25. Rae1 Rxe1 26.
Rxe1 h6 27. Re8+ Kh7 28. Rc8 Bb6 29. Rb8 Rh4 30. Rxb7 Rxg4 31. Bb8 h5 32. Bxa7
Bxa7 33. Rxa7 h4 34. Rxf7 h3 35. Rf3 Rh4 36. Rf1 g5 37. Kd3 g4 38. Ke3 g3 39.
Kf3 g2 40. Rc1 Rf4+ 41. Kxf4 h2 42. Rc7+ Kg8 43. Rc8+ Kf7 44. Rh8 h1=Q 45. Rg8
Kxg8 46. a4 g1=Q 47. Ke5 Qc5+ 48. Kf4 Qe1 49. Kg4 Qcf2 50. b4 Qeg1+ 51. Kh5
Qfh2# {Hossa checkmated} 0-1

[Event "ICS rated blitz match"]
[Site "204.178.125.65"]
[Date "2000.05.05"]
[Round "?"]
[White "Hossa"]
[Black "cfd"]
[Result "1/2-1/2"]
[WhiteElo "2480"]
[BlackElo "2256"]
[PlyCount "67"]
[EventDate "2000.??.??"]

1. e4 d6 2. d4 e5 3. Nf3 Nd7 4. Nc3 Be7 5. Bb5 c6 6. Be2 Ngf6 7. O-O O-O 8.
dxe5 dxe5 9. a3 Qc7 10. Bd2 Nc5 11. Ng5 h6 12. b4 hxg5 13. bxc5 Nd7 14. Qc1
Nxc5 15. Bxg5 Ne6 16. Be3 Nd4 17. Bc4 b5 18. Bd3 Be6 19. Rd1 Rfd8 20. Ne2 a6
21. Nxd4 exd4 22. Bf4 Bd6 23. Bxd6 Qxd6 24. Qg5 f6 25. Qh5 Qe5 26. Qh4 g5 27.
Qh6 Rd7 28. Rf1 Rh7 29. Qg6+ Rg7 30. Qh5 Rh7 31. Qg6+ Rg7 32. Qh5 Rh7 33. Qg6+
Rg7 34. Qh5 1/2-1/2

[Event "ICS rated blitz match"]
[Site "204.178.125.65"]
[Date "2000.05.05"]
[Round "?"]
[White "cfd"]
[Black "Hossa"]
[Result "0-1"]
[WhiteElo "2265"]
[BlackElo "2471"]
[PlyCount "42"]
[EventDate "2000.??.??"]

1. d4 d5 2. e3 Nf6 3. Bd3 e6 4. Nd2 Bd6 5. f4 c5 6. c3 cxd4 7. cxd4 Nc6 8. Ngf3
O-O 9. O-O Bd7 10. Ne5 Nb4 11. Bb1 Bb5 12. Rf3 Rc8 13. a3 Nc6 14. Rh3 g6 15. b4
Qc7 16. Bb2 Bxe5 17. fxe5 Nd7 18. Qg4 f5 19. exf6 Nxf6 20. Qxe6+ Rf7 21. Nf3
Re8 {cfd resigns} 0-1

[Event "ICS rated blitz match"]
[Site "204.178.125.65"]
[Date "2000.05.05"]
[Round "?"]
[White "BarryNelson"]
[Black "Hossa"]
[Result "0-1"]
[WhiteElo "2082"]
[BlackElo "2478"]
[PlyCount "68"]
[EventDate "2000.??.??"]

1. e4 e5 2. Nf3 Nc6 3. Bb5 a6 4. Ba4 Nf6 5. O-O Be7 6. Bxc6 dxc6 7. d3 Qd6 8.
Qe2 O-O 9. Nc3 Bg4 10. Nd1 Nh5 11. h3 Bxf3 12. Qxf3 Nf6 13. Ne3 Rfd8 14. Nf5
Qe6 15. g4 Nd7 16. Kh1 Nb6 17. Rg1 Nc8 18. Be3 Nd6 19. Rg2 Qd7 20. Rag1 b6 21.
Rh2 c5 22. b3 a5 23. h4 a4 24. g5 axb3 25. axb3 Ra2 26. h5 Rxc2 27. g6 Nxf5 28.
exf5 h6 29. gxf7+ Kxf7 30. Qg4 Bf6 31. Qg6+ Ke7 32. Rhg2 Qxd3 33. Qh7 Qe4 34.
Bxh6 Rd3 {BarryNelson resigns} 0-1

[Event "ICS rated blitz match"]
[Site "204.178.125.65"]
[Date "2000.05.05"]
[Round "?"]
[White "Hossa"]
[Black "Apa"]
[Result "1-0"]
[WhiteElo "2481"]
[BlackElo "2297"]
[PlyCount "91"]
[EventDate "2000.??.??"]

1. e4 c5 2. Nf3 Nc6 3. d4 cxd4 4. Nxd4 Nf6 5. Nc3 e5 6. Ndb5 d6 7. Bg5 a6 8.
Na3 b5 9. Bxf6 gxf6 10. Nd5 Bg7 11. Bd3 Ne7 12. Nxe7 Qxe7 13. c3 f5 14. O-O O-O
15. Nc2 f4 16. a4 bxa4 17. Rxa4 a5 18. Bc4 Bd7 19. Ra3 a4 20. Nb4 Rab8 21. Qd3
Rfc8 22. Rd1 Bf8 23. Nd5 Qg5 24. Ba6 Rc5 25. Qe2 Kg7 26. f3 Qd8 27. Rb1 Bc6 28.
Bc4 Qd7 29. Nb4 Be7 30. Na6 Qa7 31. Nxb8 Qxb8 32. Bd5 Be8 33. Qd2 Qc7 34. Qf2
Bd8 35. Rd1 Qb8 36. Kh1 Bb6 37. Qh4 f6 38. Qg4+ Bg6 39. Qd7+ Kh6 40. Rxa4 Rc7
41. Qh3+ Kg7 42. Ra8 Qxa8 43. Bxa8 Be3 44. Rxd6 Ra7 45. Rd7+ Rxd7 46. Qxd7+ {
Apa resigns} 1-0

[Event "ICS rated blitz match"]
[Site "204.178.125.65"]
[Date "2000.05.05"]
[Round "?"]
[White "Hossa"]
[Black "Vanhelgi"]
[Result "1-0"]
[WhiteElo "2489"]
[BlackElo "2268"]
[PlyCount "93"]
[EventDate "2000.??.??"]

1. e4 c5 2. Nf3 d6 3. d4 cxd4 4. Nxd4 Nf6 5. Nc3 a6 6. Bg5 e6 7. f4 Nbd7 8. Qf3
Qc7 9. O-O-O b5 10. Bxb5 axb5 11. Ndxb5 Qb8 12. e5 dxe5 13. Qxa8 Qxa8 14. Nc7+
Kd8 15. Nxa8 h6 16. fxe5 hxg5 17. exf6 gxf6 18. Nb6 Bc5 19. Nxd7 Bxd7 20. Ne4
Be7 21. Rd2 Kc7 22. a3 Bc6 23. Re2 f5 24. Nd2 Bf6 25. Nb3 g4 26. Nc5 Be7 27. b4
Bxc5 28. bxc5 f4 29. Rd2 Rh5 30. Rf1 f3 31. Rd4 fxg2 32. Rxf7+ Kc8 33. Rxg4 Be8
34. Re7 Kd8 35. Rxe6 Rxh2 36. Rd6+ Ke7 37. Kb2 Ba4 38. Rg7+ Kf8 39. Rdg6 g1=Q
40. Rxg1 Rxc2+ 41. Ka1 Rxc5 42. Ra7 Bc6 43. Rb1 Rd5 44. Rf1+ Ke8 45. Re1+ Kd8
46. Rh1 Kc8 47. Rh8+ {Vanhelgi resigns} 1-0

[Event "ICS rated blitz match"]
[Site "204.178.125.65"]
[Date "2000.05.05"]
[Round "?"]
[White "Vanhelgi"]
[Black "Hossa"]
[Result "0-1"]
[WhiteElo "2261"]
[BlackElo "2496"]
[PlyCount "44"]
[EventDate "2000.??.??"]

1. d4 d5 2. c4 e6 3. Nc3 Nf6 4. Bg5 Be7 5. e3 O-O 6. Nf3 h6 7. Bh4 Ne4 8. Bxe7
Qxe7 9. Rc1 c6 10. Bd3 Nxc3 11. Rxc3 dxc4 12. Bxc4 Nd7 13. O-O e5 14. dxe5 Nxe5
15. Nxe5 Qxe5 16. f4 Qe7 17. f5 Qf6 18. e4 Rd8 19. Qe2 Qd4+ 20. Kh1 Re8 21. Qh5
Qf6 22. Re1 Qxf5 {Vanhelgi resigns} 0-1

[Event "ICS rated blitz match"]
[Site "204.178.125.65"]
[Date "2000.05.05"]
[Round "?"]
[White "QueenMaxima"]
[Black "Hossa"]
[Result "0-1"]
[WhiteElo "2493"]
[BlackElo "2503"]
[PlyCount "142"]
[EventDate "2000.??.??"]

1. e4 e5 2. Nf3 Nc6 3. Bb5 a6 4. Ba4 Nf6 5. O-O Be7 6. Re1 b5 7. Bb3 d6 8. c3
O-O 9. h3 Bb7 10. d4 Re8 11. Nbd2 Bf8 12. a4 h6 13. Bc2 exd4 14. cxd4 Nb4 15.
Bb1 c5 16. d5 Nd7 17. Ra3 f5 18. Nh2 fxe4 19. Nxe4 Nxd5 20. Ba2 c4 21. axb5
axb5 22. Rxa8 Qxa8 23. Bb1 Nc7 24. Qg4 Ne5 25. Qg3 Kh8 26. Bd2 Qa1 27. Bc3 Nd5
28. Bc2 Nxc3 29. Qxc3 Qa7 30. Ng3 Qa8 31. Be4 Bxe4 32. Rxe4 Nd3 33. Rxe8 Qxe8
34. Ng4 Qe1+ 35. Qxe1 Nxe1 36. Ne3 Nd3 37. Nd1 d5 38. Nf5 Bc5 39. Ng3 Bd4 40.
Ne2 Bxb2 41. Kf1 Be5 42. Ne3 Nb4 43. Nf5 Nc6 44. f3 Kh7 45. f4 Bb2 46. Ke1 d4
47. Nd6 d3 48. Nxb5 dxe2 49. Kxe2 Nd4+ 50. Nxd4 Bxd4 51. g3 h5 52. Kd2 Kg6 53.
g4 Kf6 54. Ke2 hxg4 55. hxg4 Be5 56. g5+ Kf5 57. fxe5 Kxe5 58. g6 Kf5 59. Kd2
Kxg6 60. Kc3 Kf5 61. Kxc4 Ke4 62. Kc3 Ke3 63. Kc2 g5 64. Kd1 g4 65. Kc1 g3 66.
Kc2 g2 67. Kb1 Kd3 68. Kc1 g1=Q+ 69. Kb2 Qb6+ 70. Ka3 Kc3 71. Ka4 Qa6# 0-1

[Event "ICS rated standard match"]
[Site "204.178.125.65"]
[Date "2000.05.05"]
[Round "?"]
[White "Hossa"]
[Black "QueenMaxima"]
[Result "0-1"]
[WhiteElo "2380"]
[BlackElo "2332"]
[PlyCount "97"]
[EventDate "2000.??.??"]

1. e4 e5 2. Nf3 Nc6 3. Nc3 Nf6 4. Nxe5 Nxe5 5. d4 Nc6 6. d5 Ne5 7. f4 Ng6 8. e5
Ng8 9. d6 cxd6 10. exd6 Qf6 11. Nb5 Kd8 12. Be3 Qxb2 13. Bd4 Qb4+ 14. c3 Qb2
15. Rb1 Qxa2 16. g3 b6 17. Be2 Bb7 18. O-O Bc6 19. f5 f6 20. fxg6 Bxb5 21. Bxb5
hxg6 22. Rf2 Qe6 23. Ra1 Bxd6 24. Bxb6+ Ke7 25. Bxa7 Rh5 26. Qb1 Kf8 27. Be2
Re5 28. Bf1 Rxa7 29. Rxa7 Bc5 30. Raa2 Re1 31. Qb5 Bxf2+ 32. Rxf2 Ne7 33. Qb8+
Kf7 34. Qb2 Nd5 35. Qd2 Ra1 36. Rf3 Kg8 37. c4 Ne7 38. Qb2 Rd1 39. c5 Nf5 40.
Qc2 Qe3+ 41. Rf2 Qd4 42. Qb3+ Kh7 43. c6 Ne3 44. cxd7 Rxf1+ 45. Rxf1 Ng4+ 46.
Kg2 Qd2+ 47. Kh3 f5 48. Qg8+ Kxg8 49. d8=Q+ {Hossa resigns} 0-1

[Event "ICS rated standard match"]
[Site "204.178.125.65"]
[Date "2000.05.05"]
[Round "?"]
[White "alta2"]
[Black "Hossa"]
[Result "1-0"]
[WhiteElo "2521"]
[BlackElo "2362"]
[PlyCount "135"]
[EventDate "2000.??.??"]

1. e4 e5 2. Nf3 Nc6 3. Bb5 a6 4. Ba4 Nf6 5. O-O Be7 6. Re1 b5 7. Bb3 d6 8. c3
O-O 9. h3 Na5 10. Bc2 c5 11. d4 Qc7 12. Nbd2 Nc6 13. dxc5 dxc5 14. Nf1 Be6 15.
Ne3 Rad8 16. Qe2 c4 17. Nf5 Rfe8 18. Bg5 Bxf5 19. exf5 Nd5 20. Rad1 Bxg5 21.
Nxg5 Nf4 22. Qg4 Rxd1 23. Rxd1 Rd8 24. Rxd8+ Qxd8 25. f6 g6 26. Ne4 Nb8 27. b3
cxb3 28. axb3 b4 29. g3 Ne6 30. Ng5 Nxg5 31. Qxg5 Nd7 32. cxb4 Qb6 33. Qg4 Nxf6
34. Qe2 Kg7 35. Qxe5 Qxb4 36. Bd3 a5 37. Bc4 Qd2 38. Qc7 Nd7 39. Kg2 g5 40. Qd8
Kg6 41. Qe7 Kh6 42. Bxf7 Qd4 43. h4 gxh4 44. f4 Qf6 45. Qxd7 hxg3 46. Qe6 Qxe6
47. Bxe6 Kg7 48. Kxg3 Kf6 49. Bc4 Kg7 50. Bd3 h6 51. Kg4 Kf8 52. Kh5 Ke7 53.
Bg6 Kd6 54. Kxh6 Kd5 55. f5 Ke5 56. Kg7 Kd4 57. Be8 Kc3 58. Ba4 Kd4 59. f6 Kc5
60. f7 Kd5 61. f8=Q Ke4 62. Qa8+ Kf4 63. Qe8 Kf3 64. Qe1 Kg4 65. Qe3 Kh4 66.
Bd7 a4 67. Qf4+ Kh5 68. Be8# {Hossa checkmated} 1-0

[Event "ICS rated blitz match"]
[Site "204.178.125.65"]
[Date "2000.05.05"]
[Round "?"]
[White "Hossa"]
[Black "joejan"]
[Result "1-0"]
[WhiteElo "2519"]
[BlackElo "2255"]
[PlyCount "89"]
[EventDate "2000.??.??"]

1. e4 c5 2. Nf3 d6 3. d4 cxd4 4. Nxd4 Nf6 5. Nc3 g6 6. Be3 Bg7 7. f3 O-O 8. Qd2
Nc6 9. Bc4 Bd7 10. O-O-O Qa5 11. Nb3 Qd8 12. Bh6 Rc8 13. Bxg7 Kxg7 14. Bd5 Nxd5
15. exd5 Ne5 16. Kb1 Qb6 17. f4 Nc4 18. Qd4+ Qxd4 19. Nxd4 a6 20. Rde1 Rfe8 21.
Kc1 b5 22. Nb3 b4 23. Nd1 a5 24. Ne3 a4 25. Nd2 Nxd2 26. Kxd2 Rc7 27. g4 Rec8
28. h4 Bxg4 29. Nxg4 Rxc2+ 30. Kd3 Rxb2 31. Rh2 Rc3+ 32. Kd4 Rxh2 33. Nxh2 Rc2
34. Nf3 Kf6 35. Rb1 Rxa2 36. Rxb4 a3 37. Ke3 Ra1 38. Rb6 a2 39. Ra6 h6 40. Kf2
Kf5 41. Ra4 f6 42. Nd4+ Kg4 43. f5 Rh1 44. Ne2+ Kh5 45. Ng3# {joejan checkmated
} 1-0

[Event "ICS rated blitz match"]
[Site "204.178.125.65"]
[Date "2000.05.05"]
[Round "?"]
[White "QueenMaxima"]
[Black "Hossa"]
[Result "0-1"]
[WhiteElo "2478"]
[BlackElo "2525"]
[PlyCount "68"]
[EventDate "2000.??.??"]

1. e4 e5 2. Nf3 Nc6 3. Bb5 a6 4. Ba4 Nf6 5. O-O Be7 6. Re1 b5 7. Bb3 d6 8. c3
O-O 9. h3 Bb7 10. d4 Re8 11. Nbd2 Bf8 12. Bc2 g6 13. d5 Ne7 14. b3 c6 15. dxc6
Nxc6 16. Bb2 Bg7 17. Qe2 d5 18. Bd3 Nh5 19. a4 Nf4 20. Qf1 b4 21. exd5 bxc3 22.
Bxc3 Nxd5 23. Bb2 Nd4 24. Nxd4 exd4 25. Rxe8+ Qxe8 26. Re1 Qd8 27. Kh1 Qc7 28.
Bc4 Nb4 29. Ba3 Bf8 30. Bb2 Qf4 31. Nb1 Bd6 32. Qg1 Qh4 33. Bd5 Bxd5 34. f3
Bxf3 {QueenMaxima resigns} 0-1

[Event "ICS rated blitz match"]
[Site "204.178.125.65"]
[Date "2000.05.05"]
[Round "?"]
[White "Hossa"]
[Black "PostModernist"]
[Result "1-0"]
[WhiteElo "2539"]
[BlackElo "2633"]
[PlyCount "143"]
[EventDate "2000.??.??"]

1. e4 c6 2. d4 d5 3. Nc3 dxe4 4. Nxe4 Bf5 5. Ng3 Bg6 6. h4 h6 7. Nf3 Nd7 8. h5
Bh7 9. Bd3 Bxd3 10. Qxd3 e6 11. Bd2 Qc7 12. O-O-O Ngf6 13. Ne2 O-O-O 14. Qb3
Kb8 15. c4 Ne4 16. Be3 Be7 17. Qa4 Ndf6 18. Qc2 Qa5 19. Ne5 Rhf8 20. f3 Ng5 21.
Nc3 Bb4 22. Bf4 Ka8 23. Na4 Bd6 24. Kb1 Ngh7 25. Nc3 Bc7 26. Ne4 Nxe4 27. fxe4
Nf6 28. c5 Qb5 29. g3 Kb8 30. Nc4 Bxf4 31. gxf4 Ne8 32. Rh3 Rh8 33. Rb3 Qa6 34.
Ra3 Qxa3 35. bxa3 Nf6 36. Nd6 Rd7 37. f5 exf5 38. e5 Nd5 39. Qxf5 Rc7 40. Rd3
f6 41. Rg3 Re7 42. Qe4 fxe5 43. Nf5 Re6 44. Nxg7 Re7 45. Nf5 Re6 46. Nd6 Rf8
47. dxe5 Re7 48. Qd4 Kc7 49. Rb3 Kb8 50. Kc2 Ka8 51. Rg3 Kb8 52. Rg6 Rh7 53. e6
b5 54. Nf7 Re8 55. Qe5+ Nc7 56. Qd6 Kb7 57. Nd8+ Rxd8 58. Qxd8 Nd5 59. Qf8 Rc7
60. Rxh6 b4 61. axb4 Nxb4+ 62. Kc3 Nd5+ 63. Kc4 Ne3+ 64. Kb4 Ka6 65. Qf3 Nd5+
66. Qxd5 cxd5 67. e7+ Kb7 68. e8=Q a5+ 69. Kb5 Rc8 70. Rb6+ Ka7 71. Qxc8 d4 72.
Qb8# 1-0